Ekonomika a organizácia práce v národnom hospodárstve

Saved in:
Bibliographic Details
Main Author: Mihalik, Jozef
Corporate Author: Vysoká škola ekonomická v Bratislave
Format: Book
Language:Slovak
Published: Bratislava Alfa 1989
Edition:1. vyd.
Series:Edícia ekonomickej literatúry
Tags: Add Tag
No Tags, Be the first to tag this record!

MARC

LEADER 00000nam a2200000 4500
001 c034673
005 20230116100447.6
020 |a 80-05-00110-X 
041 0 |a slo 
044 |a SK 
245 1 0 |a Ekonomika a organizácia práce v národnom hospodárstve  |c Jozef Mihalik 
250 |a 1. vyd. 
264 1 |a Bratislava  |b Alfa  |c 1989 
300 |a 399 s. 
490 1 |a Edícia ekonomickej literatúry 
830 0 |a Edícia ekonomickej literatúry 
100 1 |a Mihalik, Jozef 
710 2 |a Vysoká škola ekonomická v Bratislave